El arte de abrazar : una guía reconfortante sobre el gesto de amor favorito /

Obra en que se explica en qué consiste el movimiento internacional "Abrazos gratis", a la vez que se ofrece un panorama de los alcances de abrazar y ser abrazado por la persona amada, la familia, los medios de comunicación o la naturaleza.

שמור ב:
מידע ביבליוגרפי
מחבר ראשי: Carey, Brainard (autor)
מחברים אחרים: Carey, Delia (autor) (autor)
פורמט: ספר
שפה:ספרדית
יצא לאור: México : Aguilar Fontanar, 2013, c2013
נושאים:
תגים: הוספת תג
אין תגיות, היה/י הראשונ/ה לתייג את הרשומה!

MARC

LEADER 00000nam^a2200000^a^4500
001 000333248
005 20250521000000.0
009 20260310114126.885
020 |a 978-607-11-2443-2 
037 |a Acervo ITESO - Biblioteca 
041 |a ESP 
082 |a 152. 41  |b CAR 
100 |a Carey, Brainard  |e (autor) 
245 1 3 |a El arte de abrazar :  |b una guía reconfortante sobre el gesto de amor favorito /  |c B. Carey, D. Carey ; tr. por Alejandra Ramos. 
264 4 |a México :  |b Aguilar Fontanar,  |c 2013, c2013 
300 |a 197 p. 
336 |a texto  |b txt  |2 rdacontenido 
337 |a sin mediación  |b n  |2 rdamedio 
338 |a volumen  |b nc  |2 rdasoporte 
500 |a Traducción de: The Art of Hugging 
520 |a Obra en que se explica en qué consiste el movimiento internacional "Abrazos gratis", a la vez que se ofrece un panorama de los alcances de abrazar y ser abrazado por la persona amada, la familia, los medios de comunicación o la naturaleza. 
649 |a XX 
650 |a Abrazos -  |x Tema Principal 
650 |a Amor 
650 |a Afectividad 
650 |a Comunicación Personal 
650 |a Psicología Positiva 
700 |a Carey, Delia  |e (autor) 
910 |a Fondo General 
920 |a Impresos - Libros 
930 |a Colección General 
905 |a 101 
901 |a 0500222974  |b IT1  |c ACC  |i C137637  |u 20250521 
902 |a https://opac.biblio.iteso.mx/vufind/Record/000333248